000 00694nam a22002057a 4500
005 20240530110532.0
008 160319s2013 ua a f 000 0 ara d
017 _a2012/23107
020 _a9789774901997
040 _aEG-CaGPL
082 0 4 _221
_a962.081
_bق/أ د
100 0 _aامير سالم .
245 1 2 _aالدولة البوليسية فى مصر :
_bالثورة و الثورة المضادة /
_cامير سالم .
250 _aط1.
260 _aالقاهرة :
_bدار العين للنشر ،
_c2013 .
300 _a437 ص؛
_c24 سم .
651 0 4 _aمصر
_xتاريخ
_yثورة 25 يناير .
942 _2ddc
_cBK
999 _c62102
_d62102